Financovanie politických strán na príklade Nemecka, Rakúska a Švajčiarska. Výzva pre Slovensko?

Saved in:
Bibliographic Details
Main Author: Štefančík, Radoslav, 1976-
Other Authors: Liďák, Ján, Krno, Svetozár, Koziak, Tomáš
Format: Book
Language:Slovak
Published: Praha Machiavelli Press 2017
Edition:1. vyd.
Subjects:
Tags: Add Tag
No Tags, Be the first to tag this record!

MARC

LEADER 00000nam a2200000 4500
001 0235555
005 20240502083627.2
020 |a 978-80-88147-05-3 
041 0 |a slo 
044 |a CZ 
245 1 0 |a Financovanie politických strán na príklade Nemecka, Rakúska a Švajčiarska. Výzva pre Slovensko?  |c Radoslav Štefančík ; posudzovatelia: Ján Liďák, Svetozár Krno, Tomáš Koziak 
250 |a 1. vyd. 
264 1 |a Praha  |b Machiavelli Press  |c 2017 
300 |a 204 s. [12,6 AH] 
610 2 0 |a strany politické 
610 2 0 |a financovanie 
610 2 0 |a politika 
610 2 0 |a zdroje finančné 
610 2 0 |a voľby 
610 2 0 |a Nemecko 
610 2 0 |a Rakúsko 
610 2 0 |a Švajčiarsko 
610 2 0 |a Slovensko 
100 1 |a Štefančík, Radoslav, 1976- 
700 1 |a Liďák, Ján 
700 1 |a Krno, Svetozár 
700 1 |a Koziak, Tomáš